[Event "Marmaris Karya IM 2018"]
[Site "Marmaris"]
[Date "2018.06.30"]
[Round "9.2"]
[White "Dedebas, Emre Emin"]
[Black "Darban, Morteza"]
[Result "0-1"]
[WhiteElo "2336"]
[BlackElo "2312"]
[Annotator "TA"]
[PlyCount "64"]
[EventDate "2018.06.25"]
[EventCountry "TUR"]
[SourceTitle "playchess.com"]
[Source "ChessBase"]
[SourceQuality "1"]

{[%evp 14,64,30,21,34,29,27,30,54,24,24,30,25,25,25,0,20,20,0,0,0,0,31,0,0,0,0,4,16,-81,-59,-64,-77,-132,-129,-86,-64,-64,-64,-92,-63,-291,-268,-653,-656,-656,-633,-938,-935,-920,-877,-29993,-29978]} 1. d4 g6 2. c4 Bg7 3. Nf3 c5 4. d5 f5 (4... d6 5. e4 e6 6. Bd3 exd5 7. cxd5 Bg4 8. Nbd2 Nf6 9. O-O O-O 10. h3 Bxf3 11. Nxf3 c4 12. Bxc4 Nxe4 13. Re1 Re8 {1-0 (42) Giri,A (2752)-Adhiban,B (2655) Wijk aan Zee 2018}) 5. g3 Nf6 6. Bg2 {A40: Unusual replies to 1 d4} d6 7. O-O Na6 8. Nc3 {LiveBook: 23 Games. White has an edge.} Nc7 9. e4 fxe4 $146 ({Predecessor:} 9... Nxe4 10. Nxe4 fxe4 11. Ng5 O-O 12. Bxe4 a6 13. Nxh7 Kxh7 14. Qh5+ Kg8 15. Bxg6 Rf6 16. Qh7+ Kf8 17. Bh6 Rxg6 18. Qxg6 Ne8 19. Rfe1 Bxh6 20. Qxh6+ {1-0 (51) Renault,J (2020)-Poileux,M (1900) France 2001}) 10. Ng5 Bf5 11. a4 Qd7 12. Ngxe4 O-O 13. Nxf6+ exf6 14. Ne2 g5 15. Bd2 Bd3 16. b3 Rae8 17. Re1 $1 f5 {And now ...Bxe2 would win.} 18. Nc3 (18. Rc1 $5 {[%cal Rd2g5]}) 18... f4 $36 {[%mdl 2048] White is under pressure.} 19. gxf4 gxf4 20. Qf3 Bf5 {Strongly threatening ...Bg4.} 21. h3 (21. Qxf4 $11 {keeps the balance.} Be5 22. Qh4) 21... Be5 $1 $17 22. Rac1 Re7 23. Ne4 {[#]} (23. Kh1 $142) 23... Rg7 $1 {aiming for ...Bxh3.} 24. Kh1 b6 25. Bc3 Bxc3 26. Nxc3 Qd8 27. Kh2 $2 {[#]} (27. Rg1 $15) 27... Qh4 $1 $19 28. Nd1 $2 (28. Rg1 Bg4 29. Qe4) 28... Bg4 29. Qe4 Re8 30. Qxe8+ Nxe8 31. Rxe8+ Kf7 32. Re1 f3 {Precision: White = 34%, Black = 82%.} 0-1

[Event "Marmaris Karya IM 2018"]
[Site "Marmaris"]
[Date "2018.06.29"]
[Round "9.3"]
[White "Benidze, Davit"]
[Black "Tanriverdi, Enes"]
[Result "1/2-1/2"]
[WhiteElo "2487"]
[BlackElo "2281"]
[Annotator "ChessBase"]
[PlyCount "27"]
[EventDate "2018.06.25"]
[EventCountry "TUR"]
[SourceTitle "playchess.com"]
[Source "ChessBase"]
[SourceQuality "1"]
[TimeControl "5400+30"]

1. e4 {[%emt 0:00:00]} e5 {[%emt 0:00:00]} 2. Nf3 {[%emt 0:00:00]} Nc6 {[%emt 0:00:30]} 3. Bb5 {[%emt 0:00:30]} a6 {[%emt 0:00:30]} 4. Bxc6 {[%emt 0:00:30]} dxc6 {[%emt 0:00:30]} 5. O-O {[%emt 0:00:30]} Bg4 {[%emt 0:00:30]} 6. c3 {[%emt 0:00:30]} Qd3 {[%emt 0:00:30]} 7. h3 {[%emt 0:00:30]} h5 {[%emt 0:00:30]} 8. hxg4 {[%emt 0:00:30]} hxg4 {[%emt 0:00:30]} 9. Nxe5 {[%emt 0:00:30]} Bd6 {[%emt 0:00:30]} 10. Nxd3 {[%emt 0:00:30]} Bh2+ {[%emt 0:00:30]} 11. Kh1 {[%emt 0:00:30]} Bd6+ {[%emt 0:00:30]} 12. Kg1 {[%emt 0:00:30]} Bh2+ {[%emt 0:00:30]} 13. Kh1 {[%emt 0:00:30]} Bd6+ {[%emt 0:00:30]} 14. Kg1 {[%emt 0:00:30]} 1/2-1/2

[Event "Marmaris Karya IM 2018"]
[Site "Marmaris"]
[Date "2018.06.30"]
[Round "9.3"]
[White "Tanriverdi, Enes"]
[Black "Korneev, Oleg"]
[Result "0-1"]
[WhiteElo "2281"]
[BlackElo "2517"]
[Annotator "ChessBase"]
[PlyCount "52"]
[EventDate "2018.06.25"]
[EventCountry "TUR"]
[SourceTitle "playchess.com"]
[Source "ChessBase"]
[SourceQuality "1"]
[TimeControl "5400+30"]

1. d4 {[%emt 0:04:30]} d5 {[%emt 0:04:00]} 2. c4 {[%emt 0:00:00]} c6 {[%emt 0:00:00]} 3. e3 {[%emt 0:03:00]} Bf5 {[%emt 0:00:00]} 4. cxd5 {[%emt 0:00:30]} cxd5 {[%emt 0:00:30]} 5. Qb3 {[%emt 0:00:30]} Qc7 {[%emt 0:01:30]} 6. Nc3 {[%emt 0:00:30]} e6 {[%emt 0:00:30]} 7. e4 {[%emt 0:00:30]} Bxe4 {[%emt 0:00:30]} 8. Bf4 {[%emt 0:00:00]} Qb6 {[%emt 0:09:30]} 9. Nb5 {[%emt 0:00:00]} Na6 {[%emt 0:11:30]} 10. f3 {[%emt 0:00:30]} Bb4+ {[%emt 0:03:30]} 11. Kd1 {[%emt 0:00:30]} Nf6 {[%emt 0:12:30]} 12. fxe4 {[%emt 0:09:30]} Nxe4 {[%emt 0:00:30]} 13. Nh3 {[%emt 0:00:30]} O-O {[%emt 0:00:00]} 14. Bd3 {[%emt 0:00:30]} Rac8 {[%emt 0:10:00]} 15. a4 {[%emt 0:35:30]} Ba5 {[%emt 0:15:30]} 16. Ke2 {[%emt 0:21:45]} Nb4 {[%emt 0:04:30]} 17. Rac1 {[%emt 0:01:19]} a6 {[%emt 0:07:51]} 18. Bxe4 {[%emt 0:01:53]} dxe4 {[%emt 0:03:36]} 19. Bc7 {[%emt 0:00:53]} Rxc7 {[%emt 0:00:02]} 20. Nxc7 {[%emt 0:00:08]} Qd6 {[%emt 0:08:32]} 21. Qg3 {[%emt 0:13:12]} Qxd4 {[%emt 0:00:32]} 22. Qc3 {[%emt 0:00:08]} Qd6 {[%emt 0:01:21]} 23. Qg3 {[%emt 0:04:09]} e5 {[%emt 0:02:05]} 24. Qb3 {[%emt 0:00:29]} Nc6 {[%emt 0:01:43]} 25. Qxb7 {[%emt 0:00:27]} Qd2+ {[%emt 0:00:05]} 26. Kf1 {[%emt 0:00:10]} Qxc1+ {[%emt 0:00:36]} 0-1

[Event "Marmaris Karya IM 2018"]
[Site "Marmaris"]
[Date "2018.06.30"]
[Round "9.4"]
[White "Arda, Cagil Irmak"]
[Black "Benidze, Davit"]
[Result "0-1"]
[WhiteElo "2257"]
[BlackElo "2487"]
[Annotator "ChessBase"]
[PlyCount "112"]
[EventDate "2018.06.25"]
[EventCountry "TUR"]
[SourceTitle "playchess.com"]
[Source "ChessBase"]
[SourceQuality "1"]
[TimeControl "5400+30"]

1. e4 {[%emt 0:00:30]} c6 {[%emt 0:04:00]} 2. d4 {[%emt 0:00:00]} g6 {[%emt 0:00:00]} 3. Nc3 {[%emt 0:00:00]} Bg7 {[%emt 0:00:00]} 4. h3 {[%emt 0:00:30]} d6 {[%emt 0:00:30]} 5. Nf3 {[%emt 0:00:30]} Nf6 {[%emt 0:00:30]} 6. Be3 {[%emt 0:00:30]} O-O {[%emt 0:00:00]} 7. Qd2 {[%emt 0:03:30]} Nbd7 {[%emt 0:06:00]} 8. e5 {[%emt 0:10:30]} dxe5 {[%emt 0:00:30]} 9. dxe5 {[%emt 0:11:30]} Nd5 {[%emt 0:01:30]} 10. Nxd5 {[%emt 0:02:30]} cxd5 {[%emt 0:00:00]} 11. Bh6 {[%emt 0:05:30]} Qc7 {[%emt 0:17:00]} 12. Bxg7 {[%emt 0:02:30]} Kxg7 {[%emt 0:01:30]} 13. Qxd5 {[%emt 0:02:30]} Qxc2 {[%emt 0:01:30]} 14. Qd2 {[%emt 0:00:30]} Qxd2+ {[%emt 0:00:30]} 15. Kxd2 {[%emt 0:00:30]} Rd8 {[%emt 0:00:00]} 16. Ke3 {[%emt 0:00:30]} Nb6 {[%emt 0:00:00]} 17. Kf4 {[%emt 0:11:30]} Be6 {[%emt 0:01:30]} 18. Be2 {[%emt 0:01:30]} Rac8 {[%emt 0:01:30]} 19. Rhd1 {[%emt 0:07:30]} Rxd1 {[%emt 0:16:30]} 20. Bxd1 {[%emt 0:00:00]} Rc4+ {[%emt 0:01:30]} 21. Kg3 {[%emt 0:00:00]} Rc5 {[%emt 0:00:00]} 22. Bb3 {[%emt 0:05:30]} Bxb3 {[%emt 0:00:00]} 23. axb3 {[%emt 0:00:30]} a5 {[%emt 0:02:30]} 24. Rd1 {[%emt 0:02:30]} Rb5 {[%emt 0:00:00]} 25. Rd3 {[%emt 0:00:30]} e6 {[%emt 0:00:00]} 26. Rc3 {[%emt 0:02:30]} Nd5 {[%emt 0:02:30]} 27. Rd3 {[%emt 0:00:30]} Rc5 {[%emt 0:00:30]} 28. Nd2 {[%emt 0:07:30]} Nb4 {[%emt 0:14:30]} 29. Re3 {[%emt 0:08:37]} b5 {[%emt 0:00:30]} 30. Nf3 {[%emt 0:01:04]} Rd5 {[%emt 0:00:30]} 31. Re4 {[%emt 0:01:25]} Nc6 {[%emt 0:03:30]} 32. Re2 {[%emt 0:01:43]} h6 {[%emt 0:01:30]} 33. h4 {[%emt 0:01:56]} Kf8 {[%emt 0:00:30]} 34. Kf4 {[%emt 0:04:23]} Nb4 {[%emt 0:01:30]} 35. Ke4 {[%emt 0:01:24]} Nd3 {[%emt 0:07:00]} 36. Rd2 {[%emt 0:00:15]} Nc5+ {[%emt 0:00:02]} 37. Ke3 {[%emt 0:00:05]} Nxb3 {[%emt 0:00:07]} 38. Rxd5 {[%emt 0:00:05]} exd5 {[%emt 0:00:02]} 39. Nd4 {[%emt 0:00:05]} Nxd4 {[%emt 0:00:42]} 40. Kxd4 {[%emt 0:00:06]} b4 {[%emt 0:00:07]} 41. Kxd5 {[%emt 0:03:52]} a4 {[%emt 0:01:59]} 42. Kc4 {[%emt 0:00:03]} a3 {[%emt 0:00:02]} 43. bxa3 {[%emt 0:00:05]} bxa3 {[%emt 0:00:02]} 44. Kb3 {[%emt 0:00:04]} Ke7 {[%emt 0:00:33]} 45. Kxa3 {[%emt 0:01:32]} Ke6 {[%emt 0:00:02]} 46. Kb4 {[%emt 0:00:57]} Kxe5 {[%emt 0:00:22]} 47. Kc5 {[%emt 0:00:04]} f5 {[%emt 0:00:30]} 48. h5 {[%emt 0:00:51]} gxh5 {[%emt 0:00:47]} 49. Kc4 {[%emt 0:01:40]} Ke4 {[%emt 0:00:13]} 50. Kc3 {[%emt 0:00:36]} h4 {[%emt 0:00:30]} 51. Kd2 {[%emt 0:00:20]} h3 {[%emt 0:00:30]} 52. gxh3 {[%emt 0:00:05]} Kf3 {[%emt 0:00:00]} 53. Ke1 {[%emt 0:00:06]} Kg2 {[%emt 0:00:00]} 54. Ke2 {[%emt 0:00:16]} f4 {[%emt 0:00:00]} 55. f3 {[%emt 0:01:03]} Kxh3 {[%emt 0:00:00]} 56. Kf2 {[%emt 0:00:07]} Kh2 {[%emt 0:00:30]} 0-1

[Event "Marmaris Karya IM 2018"]
[Site "Marmaris"]
[Date "2018.06.30"]
[Round "9.5"]
[White "Unat, Can Haktan"]
[Black "Bagaturov, Giorgi"]
[Result "0-1"]
[WhiteElo "2047"]
[BlackElo "2397"]
[Annotator "ChessBase"]
[PlyCount "108"]
[EventDate "2018.06.25"]
[EventCountry "TUR"]
[SourceTitle "playchess.com"]
[Source "ChessBase"]
[SourceQuality "1"]
[TimeControl "5400+30"]

1. e4 {[%emt 0:02:30]} c5 {[%emt 0:01:00]} 2. Nf3 {[%emt 0:01:30]} Nc6 {[%emt 0:00:00]} 3. d4 {[%emt 0:02:30]} cxd4 {[%emt 0:00:00]} 4. Nxd4 {[%emt 0:00:30]} Nf6 {[%emt 0:00:30]} 5. Nc3 {[%emt 0:00:00]} d6 {[%emt 0:00:00]} 6. Bg5 {[%emt 0:01:00]} e6 {[%emt 0:00:00]} 7. g3 {[%emt 0:05:30]} h6 {[%emt 0:12:30]} 8. Be3 {[%emt 0:01:30]} e5 {[%emt 0:00:30]} 9. Nxc6 {[%emt 0:01:30]} bxc6 {[%emt 0:00:00]} 10. Bg2 {[%emt 0:05:30]} Ba6 {[%emt 0:10:00]} 11. Rb1 {[%emt 0:21:30]} Be7 {[%emt 0:01:30]} 12. Ne2 {[%emt 0:03:30]} O-O {[%emt 0:26:30]} 13. O-O {[%emt 0:00:30]} d5 {[%emt 0:00:30]} 14. exd5 {[%emt 0:01:30]} cxd5 {[%emt 0:00:30]} 15. h3 {[%emt 0:01:30]} d4 {[%emt 0:01:30]} 16. Bd2 {[%emt 0:02:30]} Rb8 {[%emt 0:13:30]} 17. Re1 {[%emt 0:00:30]} Bb7 {[%emt 0:01:30]} 18. Bxb7 {[%emt 0:06:30]} Rxb7 {[%emt 0:00:00]} 19. Kh2 {[%emt 0:00:30]} Qd5 {[%emt 0:04:00]} 20. Ng1 {[%emt 0:01:30]} Bd6 {[%emt 0:02:30]} 21. c3 {[%emt 0:01:30]} Qxa2 {[%emt 0:05:06]} 22. Qf3 {[%emt 0:01:30]} Rb6 {[%emt 0:02:55]} 23. Ne2 {[%emt 0:01:30]} Bb4 {[%emt 0:03:02]} 24. cxd4 {[%emt 0:01:30]} exd4 {[%emt 0:00:30]} 25. Qd3 {[%emt 0:01:30]} Bxd2 {[%emt 0:00:09]} 26. Qxd2 {[%emt 0:00:30]} Rfb8 {[%emt 0:05:46]} 27. Qxd4 {[%emt 0:01:30]} Rxb2 {[%emt 0:00:38]} 28. Rxb2 {[%emt 0:00:30]} Rxb2 {[%emt 0:01:06]} 29. Qd8+ {[%emt 0:00:00]} Kh7 {[%emt 0:00:05]} 30. Qd3+ {[%emt 0:00:00]} g6 {[%emt 0:00:23]} 31. Kg1 {[%emt 0:00:30]} Qe6 {[%emt 0:00:37]} 32. Qc3 {[%emt 0:01:30]} Rxe2 {[%emt 0:03:49]} 33. Rxe2 {[%emt 0:00:00]} Qxe2 {[%emt 0:00:05]} 34. Qxf6 {[%emt 0:00:00]} Qe6 {[%emt 0:00:32]} 35. Qd4 {[%emt 0:00:30]} a5 {[%emt 0:00:23]} 36. h4 {[%emt 0:00:30]} h5 {[%emt 0:00:28]} 37. Qa4 {[%emt 0:00:30]} Qe1+ {[%emt 0:00:28]} 38. Kg2 {[%emt 0:00:00]} Qb4 {[%emt 0:00:03]} 39. Qa2 {[%emt 0:00:00]} Kg8 {[%emt 0:00:35]} 40. Qe2 {[%emt 0:00:30]} a4 {[%emt 0:00:21]} 41. Qe8+ {[%emt 0:00:00]} Kg7 {[%emt 0:00:06]} 42. Qe5+ {[%emt 0:00:00]} Kh7 {[%emt 0:00:06]} 43. Qf6 {[%emt 0:01:30]} Qb3 {[%emt 0:00:14]} 44. g4 {[%emt 0:01:30]} hxg4 {[%emt 0:00:10]} 45. Qg5 {[%emt 0:00:30]} Qf3+ {[%emt 0:01:43]} 46. Kg1 {[%emt 0:00:00]} Qf5 {[%emt 0:00:48]} 47. Qe3 {[%emt 0:00:00]} Qd5 {[%emt 0:00:46]} 48. Qa7 {[%emt 0:00:30]} Qd1+ {[%emt 0:01:53]} 49. Kh2 {[%emt 0:00:00]} Qf3 {[%emt 0:00:44]} 50. h5 {[%emt 0:00:00]} gxh5 {[%emt 0:00:28]} 51. Qxa4 {[%emt 0:00:30]} Qxf2+ {[%emt 0:00:13]} 52. Kh1 {[%emt 0:00:00]} Qf5 {[%emt 0:00:45]} 53. Qa2 {[%emt 0:01:00]} g3 {[%emt 0:00:37]} 54. Qg2 {[%emt 0:00:00]} Qb1+ {[%emt 0:00:07]} 0-1

[Event "Marmaris Karya IM 2018"]
[Site "Marmaris"]
[Date "2018.06.29"]
[Round "10.1"]
[White "Darban, Morteza"]
[Black "Can, Isik"]
[Result "1/2-1/2"]
[WhiteElo "2312"]
[BlackElo "2396"]
[Annotator "NA"]
[PlyCount "28"]
[EventDate "2018.06.25"]
[EventCountry "TUR"]
[SourceTitle "playchess.com"]
[Source "ChessBase"]
[SourceQuality "1"]
[TimeControl "5400+30"]

1. e4 {[%emt 0:00:30]} e5 {[%emt 0:01:00]} 2. Nf3 {[%emt 0:00:30]} Nc6 {[%emt 0:00:30]} 3. Bb5 {[%emt 0:02:30]} a6 {[%emt 0:00:00]} 4. Bxc6 {[%emt 0:01:30]} dxc6 {[%emt 0:02:00]} 5. O-O {[%emt 0:00:00]} Bg4 {[%emt 0:00:30]} 6. h3 {[%emt 0:02:00]} h5 {[%emt 0:01:30]} 7. c3 {[%emt 0:01:30]} Qd3 {[%emt 0:00:30]} 8. hxg4 {[%emt 0:02:30]} hxg4 {[%emt 0:01:30]} 9. Nxe5 {[%emt 0:01:30]} Bd6 {[%emt 0:00:00]} 10. Nxd3 {[%emt 0:01:30]} Bh2+ {[%emt 0:00:00]} 11. Kh1 {[%emt 0:00:00]} Bg3+ {[%emt 0:00:00]} 12. Kg1 {[%emt 0:00:00]} Bh2+ {[%emt 0:00:00]} 13. Kh1 {[%emt 0:00:00]} Be5+ {[%emt 0:00:30]} 14. Kg1 {[%emt 0:00:00]} Bh2+ {[%emt 0:00:00]} 1/2-1/2

[Event "Marmaris Karya IM 2018"]
[Site "Marmaris"]
[Date "2018.07.01"]
[Round "10.2"]
[White "Korneev, Oleg"]
[Black "Dedebas, Emre Emin"]
[Result "1/2-1/2"]
[WhiteElo "2517"]
[BlackElo "2336"]
[Annotator "TA"]
[PlyCount "55"]
[EventDate "2018.06.25"]
[EventCountry "TUR"]
[SourceTitle "playchess.com"]
[Source "ChessBase"]
[SourceQuality "1"]

{[%evp 15,55,7,7,8,9,11,16,0,10,9,40,27,29,21,23,2,0,-16,-10,-22,0,-12,-6,-13,-9,-18,0,-20,18,0,0,0,0,0,0,0,0,0,0,0,0,0]} 1. d4 Nf6 2. Nf3 e6 3. Bf4 d5 4. e3 Bd6 5. Bd3 O-O 6. O-O {D02: 1 d4 d5 2 Nf3 sidelines, including 2...Nf6 3 g3 and 2...Nf6 3 Bf4} b6 (6... c5 7. c3 Bxf4 8. exf4 Qb6 9. Qe2 cxd4 10. cxd4 Nc6 11. Rd1 g6 12. g3 Bd7 13. Nc3 {1-0 (37) Petrosian,T (2589)-Sethuraman,S (2646) Moscow 2018}) 7. Nbd2 Bb7 8. c3 c5 {LiveBook: 3 Games} 9. Qe2 Bxf4 10. exf4 Nc6 11. a3 Qd6 12. g3 c4 13. Bc2 b5 14. Ne5 $146 a5 15. b4 Ra7 {The position is equal.} 16. Nxc6 Bxc6 17. Nf3 Rfa8 {aiming for ...axb4.} 18. Rac1 $1 axb4 19. axb4 Ra2 20. Ne5 R8a3 21. Qe3 g6 {[#]} 22. f5 $1 {[%mdl 512]} exf5 {[#]} 23. Bxf5 $1 {[%mdl 512]} gxf5 24. Qg5+ Kf8 {Threatens to win with ...Ne4.} 25. Qh6+ $1 Kg8 26. Qg5+ Kf8 {...Ne4 is the strong threat.} 27. Qh6+ $1 Kg8 {White must now prevent ...Be8.} 28. Qg5+ {Precision: White = 53%, Black = 71%.} 1/2-1/2

[Event "Marmaris Karya IM 2018"]
[Site "Marmaris"]
[Date "2018.07.01"]
[Round "10.4"]
[White "Bagaturov, Giorgi"]
[Black "Arda, Cagil Irmak"]
[Result "1-0"]
[WhiteElo "2397"]
[BlackElo "2257"]
[Annotator "TA"]
[PlyCount "53"]
[EventDate "2018.06.25"]
[EventCountry "TUR"]
[SourceTitle "playchess.com"]
[Source "ChessBase"]
[SourceQuality "1"]

{[%evp 18,53,-6,-1,89,71,81,71,73,79,86,92,133,79,156,102,81,84,118,104,164,158,373,377,449,306,327,318,297,320,971,937,1381,1324,2993,2954,29992,29993]} 1. d4 Nf6 2. c4 e6 3. Nc3 Bb4 {[%cal Bf8b4,Bb4a5,Ba5c7][%mdl 32]} 4. e3 {[%cal Be2e3,Be3e4,Be4e5][%mdl 32]} O-O 5. Nge2 c6 (5... d5 6. a3 Be7 7. cxd5 exd5 8. Nf4 c6 9. Bd3 Na6 10. O-O Nc7 11. f3 Re8 12. Bd2 Bf8 13. Qe1 g6 14. g4 c5 15. Qf2 b6 16. h4 Bd6 17. Nce2 {0-1 (54) Caruana,F (2816)-Karjakin,S (2782) Leuven 2018}) 6. a3 {E46: Nimzo-Indian: Rubinstein: 4 e3 0-0 5 Ne2 without early Bd3} Ba5 7. b4 Bc7 8. e4 d5 9. e5 Nfd7 10. Nf4 {LiveBook: 5 Games} dxc4 $146 (10... a5 $11 11. Rb1 dxc4) ({Predecessor:} 10... c5 11. bxc5 Ba5 12. Bd2 Nc6 13. Nce2 dxc4 {0-1 (36) Miedema,D (2345)-Polaczek,R (2429) Belgium 2016}) 11. Bxc4 $16 Nb6 12. Bb3 Nd5 13. Ncxd5 exd5 14. Bc2 Qe7 {[#]} 15. O-O $40 {[%mdl 128] White attacks with force.} ({White should play} 15. Rb1 $1) 15... Re8 (15... g6 $142) 16. Nh5 (16. Rb1 $142) 16... Qh4 {Threatens to win with ...Bg4.} 17. h3 Bb6 18. Be3 Na6 (18... a5 $16) 19. f4 $18 Nc7 $2 (19... f5 $16 {might work better.} 20. Bf2 Qe7) 20. Bf2 Qd8 21. Qd3 f5 {[#]} 22. exf6 $1 g6 {With the idea ...Bf5.} 23. Qg3 {And now Bxg6! would win.} Kf7 $2 (23... Re4 24. Qh4 Ne8 25. Bxe4 dxe4) 24. Rae1 Rg8 25. Re7+ Kf8 26. Qg5 {White threatens Qh6+ and mate.} Ne6 27. Qh6+ {Precision: White = 77%, Black = 18%.} 1-0

[Event "Marmaris Karya IM 2018"]
[Site "Marmaris"]
[Date "2018.07.01"]
[Round "10.5"]
[White "Bivol, Alina"]
[Black "Unat, Can Haktan"]
[Result "1-0"]
[WhiteElo "2365"]
[BlackElo "2047"]
[Annotator "TA"]
[PlyCount "107"]
[EventDate "2018.06.25"]
[EventCountry "TUR"]
[SourceTitle "playchess.com"]
[Source "ChessBase"]
[SourceQuality "1"]

{[%evp 13,107,17,29,14,3,-20,1,-2,0,-45,-54,-45,-10,-23,-6,-38,0,0,0,0,92,0,61,99,182,177,170,185,176,179,172,184,202,208,192,193,249,235,282,235,222,142,203,203,227,243,468,468,602,516,483,400,539,526,531,525,524,524,524,514,481,403,482,471,494,502,572,544,897,645,784,775,765,759,1031,1130,1082,1097,1117,1103,1091,1076,1151,1057,981,964,5913,5872,29986,29986,29989,29990,29990,29991,29991,29992]} 1. Nf3 Nf6 2. g3 d5 3. Bg2 g6 4. d4 Bg7 5. O-O O-O 6. Nbd2 b6 7. c4 {D02: 1 d4 d5 2 Nf3 sidelines, including 2...Nf6 3 g3 and 2...Nf6 3 Bf4} e6 {LiveBook: 16 Games} 8. cxd5 (8. b3 Bb7 9. Bb2 Nbd7 10. Rc1 c5 11. Qc2 Rc8 12. Qb1 Qe7 13. Rfd1 Rfd8 14. cxd5 exd5 {½-½ (60) Banikas,H (2567)-Mista,A (2599) Achaea 2017}) 8... exd5 9. Ne5 {The position is equal.} Ng4 10. Ndf3 Nxe5 11. dxe5 $146 ({Predecessor:} 11. Nxe5 Bb7 12. Qa4 Re8 13. Bf4 f6 14. Nd3 Rxe2 15. Be3 Qe7 16. Nf4 Rxb2 17. Nxd5 Qd7 18. Qc4 Kh8 19. Nxf6 Bxf6 20. Bxb7 {1-0 (20) Almasi,I (2429)-Cifka,S Aschach 2000}) 11... Bb7 12. Bg5 Qd7 13. Qd2 c5 14. Qf4 Nc6 15. Bf6 Rae8 16. Rfd1 Ne7 (16... h6 $11 {keeps the balance.}) 17. Ng5 ({Better is} 17. b4 $1 $16) 17... h6 (17... d4 $11) 18. Ne4 $14 Qe6 (18... Rd8 $16 {was necessary.}) 19. Bxg7 $1 $18 Kxg7 20. Qf6+ $1 Kg8 21. Qxe6 fxe6 22. Nf6+ Rxf6 23. exf6 Nc6 {[#]} 24. e4 $1 {[%cal Re4d5]} d4 (24... Nd4 $142 25. e5 Ne2+ 26. Kh1 Nd4) 25. e5 $1 a5 26. a3 a4 27. Be4 Kf7 {[#]} 28. Rac1 $1 Rc8 29. f4 Rc7 $2 (29... Rd8 30. Bd3 Na5) 30. Bc2 Na7 31. Bxa4 Rc8 32. Bc2 Nb5 33. Bd3 Nc7 34. Kf2 Nd5 35. Be4 Ba6 36. Bxd5 exd5 {[%mdl 4096] Endgame KRR-KRB} 37. Ke1 d3 38. Kd2 d4 39. Re1 Ke6 40. g4 Rg8 41. h3 c4 42. Re4 Rd8 {[#]} 43. f5+ $1 Kf7 (43... gxf5 44. gxf5+) 44. fxg6+ Kxg6 45. Rf1 c3+ 46. bxc3 dxc3+ 47. Kxc3 Rc8+ 48. Kb4 d2 49. Rd1 Rc2 50. e6 {[%cal Be5e6,Be6e7][%mdl 32]} Rb2+ 51. Kc3 {White mates.} Ra2 52. f7 Rxa3+ 53. Kb2 Rf3 54. e7 {Precision: White = 68%, Black = 29%.} 1-0